Banderas Oficiales de Países - Muerte Súbita - Estadísticas

Estadísticas generales
  • Esta prueba ha sido intentada 1.309 veces
  • La puntuación promedio es 15 de 29
Answers on the Grid
Answers color-coded by a green-red scale on the quiz's grid according to % correct below.
 
Estadísticas de respuestas
Respuesta % Correcto
Albania
97%
Algeria
92%
Chile
77%
Austria
74%
Bhutan
73%
Estonia
72%
Georgia
66%
Bolivia
65%
Germany
61%
Iceland
56%
Gabon
54%
Lebanon
53%
Portugal
52%
Benin
49%
Netherlands
48%
Laos
47%
Lesotho
45%
Madagascar
43%
Maldives
43%
Fiji
42%
Mauritius
41%
South Korea
41%
Serbia
40%
Uruguay
36%
Venezuela
35%
Nauru
35%
Syria
31%
Zambia
30%
Turkmenistan
29%
No se encontraron pruebas coincidentes
Distribución de puntuación
Porcentaje de gente con cada puntuación
Porcentaje por número respondido
Historial de tus puntuaciones
No has intentado esta prueba.